000 00647nam a22002297a 4500
003 UA-OsUOA
001 56024
007 ta
008 20080929b un ||||| |||| 00| 0 ukr d
090 _a7.011(477)
_bУ45
942 _cBK
040 _aUA-OsUOA
_bukr
_cUA-OsUOA
_dUA-OsUOA
245 _aУкраїнський модернізм 1910-1930
300 _a288 с.
955 _a2
041 _aukr
080 _a7.011(477)
020 _a966-8834-07-0
260 _aК.
_bНаціональний художній музей України
_c2006
650 7 _a7.0 Загальні питання мистецтва
_2UDC
999 _c342104
_d342104